| 000 | 00779nam a22001937a 4500 | ||
|---|---|---|---|
| 999 |
_c15991 _d15991 |
||
| 003 | AR-CdUCM | ||
| 008 | 190430b ||||| |||| 00| 0 spa d | ||
| 040 |
_aMUNICIPALIDAD PROVINCIAL DEL CUSCO _cBIBLIOTECA MUNICIPAL DEL CUSCO |
||
| 082 |
_a869.753 / _bB61 |
||
| 100 |
_aBlanco Fombona, R. _932026 |
||
| 245 | _aLa espada del samuray / | ||
| 260 |
_aMadrid : _bMundo latino, _c1924. |
||
| 300 |
_a356 páginas ; _c18 cm. |
||
| 505 | _aContenido: Descubrimiento de España por un cronista Francés -- Odiseo el patagón en el jardín de las hespérides -- Los dos patriotismos -- La paradoja que estamos viviendo o el timo de monroe ... | ||
| 650 |
_aLiteratura española _9362 |
||
| 650 |
_aDescubrimiento de España _935255 |
||
| 942 |
_2ddc _cLIBROS |
||
| 945 |
_aacv _d2019-04-30 |
||